000
00280nam a2200097Ia 4500
001
706573
005
20250826162451.0
008
250824s9999 xx 000 0 und d
245
0
_a
GÖRGÜLÜ KUŞLAR GÖRDÜĞÜNÜ İŞLER
_c
TALİP ARIŞAHİN
260
_b
DİYANET İŞLERİ YAYINLARI
999
_c
706573
_d
706573